[Event "2017 Oceania Zone 3.6 Zonal Womens Championship"]
[Site "Auckland, NZL"]
[Date "2017.01.18"]
[Round "7.1"]
[White "Timergazi, Layla"]
[Black "Qin, Nicole Shu Yu"]
[Result "1-0"]
[LiveChessVersion "1.4.7"]
[BlackElo "1327"]
[WhiteElo "2069"]

1. d4 {[%clk 1:30:58]} e6 {[%clk 1:30:53]} 2. c4 {[%clk 1:31:22]} d5
{[%clk 1:29:50]} 3. Nc3 {[%clk 1:31:46]} c6 {[%clk 1:28:28]} 4. e3
{[%clk 1:32:06]} Nf6 {[%clk 1:27:45]} 5. Nf3 {[%clk 1:32:14]} Nbd7
{[%clk 1:25:40]} 6. b3 {[%clk 1:32:11]} Bd6 {[%clk 1:21:57]} 7. Be2
{[%clk 1:32:19]} O-O {[%clk 1:20:32]} 8. O-O {[%clk 1:32:28]} Re8
{[%clk 1:19:02]} 9. Bb2 {[%clk 1:32:24]} b6 {[%clk 1:14:01]} 10. Bd3
{[%clk 1:30:49]} Bb7 {[%clk 1:10:21]} 11. Qc2 {[%clk 1:28:41]} e5
{[%clk 1:08:42]} 12. cxd5 {[%clk 1:26:20]} cxd5 {[%clk 1:07:23]} 13. Nb5
{[%clk 1:12:36]} Rc8 {[%clk 1:05:22]} 14. Qd2 {[%clk 1:10:59]} Bb8
{[%clk 1:03:39]} 15. dxe5 {[%clk 1:10:00]} Nxe5 {[%clk 1:02:27]} 16. Nxe5
{[%clk 1:09:26]} Bxe5 {[%clk 1:00:49]} 17. Bxe5 {[%clk 1:09:47]} Rxe5
{[%clk 0:59:56]} 18. Nxa7 {[%clk 1:08:58]} Ra8 {[%clk 0:58:21]} 19. Nb5
{[%clk 1:08:38]} Rh5 {[%clk 0:54:05]} 20. Qe2 {[%clk 0:59:38]} Rh6
{[%clk 0:49:46]} 21. Nd4 {[%clk 0:58:37]} Qc7 {[%clk 0:47:43]} 22. h3
{[%clk 0:57:58]} Bc8 {[%clk 0:44:40]} 23. Rfc1 {[%clk 0:53:12]} Qb8
{[%clk 0:37:51]} 24. Rxc8+ {[%clk 0:48:29]} Qxc8 {[%clk 0:37:08]} 25. Nf5
{[%clk 0:48:54]} Qc3 {[%clk 0:33:05]} 26. Nxh6+ {[%clk 0:49:18]} gxh6
{[%clk 0:33:30]} 27. Rd1 {[%clk 0:48:27]} Re8 {[%clk 0:30:48]} 28. Qd2
{[%clk 0:41:52]} Qe5 {[%clk 0:27:08]} 29. Rc1 {[%clk 0:41:00]} Qe6
{[%clk 0:23:24]} 30. Qc2 {[%clk 0:39:56]} Rb8 {[%clk 0:18:40]} 31. Qc7
{[%clk 0:39:09]} Qe8 {[%clk 0:13:03]} 32. Bb5 {[%clk 0:36:29]} Qf8
{[%clk 0:10:07]} 33. Qg3+ {[%clk 0:36:41]} Kh8 {[%clk 0:10:02]} 34. Qe5
{[%clk 0:36:51]} Kg7 {[%clk 0:09:36]} 35. Rc6 {[%clk 0:36:52]} Qd8
{[%clk 0:09:04]} 36. Rxf6 {[%clk 0:36:45]} Qxf6 {[%clk 0:09:28]} 37. Qxb8
{[%clk 0:37:12]} Qa1+ {[%clk 0:09:52]} 38. Kh2 {[%clk 0:37:24]} Qxa2
{[%clk 0:09:53]} 39. Qe5+ {[%clk 0:36:41]} Kf8 {[%clk 0:10:04]} 40. Qd6+
{[%clk 1:05:41]} Kg8 {[%clk 0:40:22]} 41. Qxd5 {[%clk 1:04:57]} Qxf2
{[%clk 0:40:20]} 42. Qd8+ {[%clk 1:04:13]} Kg7 {[%clk 0:40:42]} 43. Qxb6
{[%clk 1:04:16]} Qc2 {[%clk 0:39:59]} 44. Qd4+ {[%clk 1:03:55]} Kg8
{[%clk 0:40:24]} 45. Bc4 {[%clk 1:04:21]} Qg6 {[%clk 0:40:27]} 46. Qg4 1-0

[Event "2017 Oceania Zone 3.6 Zonal Womens Championship"]
[Site "Auckland, NZL"]
[Date "2017.01.18"]
[Round "7.2"]
[White "Chibnall, Alana"]
[Black "Qin, Joy Shu Yan"]
[Result "1/2-1/2"]
[LiveChessVersion "1.4.7"]
[BlackElo "1708"]
[WhiteElo "1842"]

1. e4 {[%clk 1:30:59]} e6 {[%clk 1:30:49]} 2. d3 {[%clk 1:31:23]} d5
{[%clk 1:30:45]} 3. Qe2 {[%clk 1:31:48]} Nf6 {[%clk 1:29:38]} 4. Nf3
{[%clk 1:32:01]} c5 {[%clk 1:26:05]} 5. g3 {[%clk 1:31:42]} Nc6 {[%clk 1:24:07]}
6. Bg2 {[%clk 1:31:39]} Be7 {[%clk 1:22:54]} 7. e5 {[%clk 1:31:15]} Nd7
{[%clk 1:22:01]} 8. O-O {[%clk 1:31:24]} Nb6 {[%clk 1:16:04]} 9. c4
{[%clk 1:27:05]} Qc7 {[%clk 1:10:23]} 10. Nc3 {[%clk 1:23:32]} a6
{[%clk 1:08:46]} 11. Re1 {[%clk 1:18:57]} Bd7 {[%clk 1:04:11]} 12. cxd5
{[%clk 1:06:01]} exd5 {[%clk 1:02:30]} 13. a4 {[%clk 1:02:02]} Be6
{[%clk 0:56:09]} 14. Bf4 {[%clk 1:00:45]} Qd7 {[%clk 0:51:50]} 15. a5
{[%clk 0:58:31]} Nc8 {[%clk 0:50:30]} 16. Qd2 {[%clk 0:55:10]} O-O
{[%clk 0:44:15]} 17. d4 {[%clk 0:51:18]} c4 {[%clk 0:41:07]} 18. Ng5
{[%clk 0:45:20]} Nb4 {[%clk 0:39:23]} 19. Nxe6 {[%clk 0:38:19]} fxe6
{[%clk 0:39:24]} 20. Be3 {[%clk 0:37:57]} Nd3 {[%clk 0:35:54]} 21. Reb1
{[%clk 0:36:41]} Bb4 {[%clk 0:31:52]} 22. Bf1 {[%clk 0:33:49]} Ne7
{[%clk 0:26:06]} 23. Ra2 {[%clk 0:27:57]} Nc6 {[%clk 0:22:49]} 24. Rba1
{[%clk 0:22:18]} Qc7 {[%clk 0:20:02]} 25. Bxd3 {[%clk 0:19:22]} cxd3
{[%clk 0:19:33]} 26. f4 {[%clk 0:19:16]} Bxa5 {[%clk 0:17:06]} 27. Rf1
{[%clk 0:11:34]} Qb6 {[%clk 0:16:08]} 28. Kg2 {[%clk 0:10:19]} Nb4
{[%clk 0:12:15]} 29. Raa1 {[%clk 0:05:54]} Rac8 {[%clk 0:09:01]} 30. Na4
{[%clk 0:04:46]} Qb5 {[%clk 0:07:38]} 31. Nc3 {[%clk 0:05:12]} Qb6
{[%clk 0:07:22]} 32. Na4 {[%clk 0:05:38]} Qb5 {[%clk 0:06:53]} 1/2-1/2

[Event "2017 Oceania Zone 3.6 Zonal Womens Championship"]
[Site "Auckland, NZL"]
[Date "2017.01.18"]
[Round "7.3"]
[White "Zhang, Jasmine Haomo"]
[Black "Hardegen, Kathryn"]
[Result "1-0"]
[LiveChessVersion "1.4.7"]
[BlackElo "1797"]
[WhiteElo "1719"]

1. d4 {[%clk 1:30:57]} d5 {[%clk 1:30:57]} 2. Nf3 {[%clk 1:31:14]} Nf6
{[%clk 1:31:21]} 3. Bf4 {[%clk 1:31:38]} c5 {[%clk 1:31:09]} 4. e3
{[%clk 1:31:44]} Nc6 {[%clk 1:31:24]} 5. c3 {[%clk 1:31:56]} Qb6 {[%clk 1:31:15]}
6. Qc1 {[%clk 1:31:14]} Bf5 {[%clk 1:31:25]} 7. Nbd2 {[%clk 1:31:30]} Nh5
{[%clk 1:30:00]} 8. Bg3 {[%clk 1:31:38]} Nxg3 {[%clk 1:28:03]} 9. hxg3
{[%clk 1:31:58]} h6 {[%clk 1:27:55]} 10. Be2 {[%clk 1:30:23]} e6 {[%clk 1:28:07]}
11. Nh4 {[%clk 1:20:42]} Bh7 {[%clk 1:26:12]} 12. f4 {[%clk 1:16:16]} Rc8
{[%clk 1:24:25]} 13. Nb3 {[%clk 1:13:01]} cxd4 {[%clk 1:23:38]} 14. Nxd4
{[%clk 1:13:11]} Bc5 {[%clk 1:22:21]} 15. Qd2 {[%clk 1:12:19]} O-O
{[%clk 1:17:21]} 16. Nhf3 {[%clk 1:11:01]} Be4 {[%clk 1:15:28]} 17. a3
{[%clk 0:58:31]} a5 {[%clk 1:12:29]} 18. O-O {[%clk 0:53:13]} a4 {[%clk 1:11:58]}
19. Rfe1 {[%clk 0:50:57]} f6 {[%clk 1:11:16]} 20. Bd1 {[%clk 0:46:36]} Bxd4
{[%clk 0:59:34]} 21. Nxd4 {[%clk 0:45:34]} Nxd4 {[%clk 0:59:35]} 22. exd4
{[%clk 0:45:16]} e5 {[%clk 0:59:34]} 23. Bxa4 {[%clk 0:39:49]} exd4
{[%clk 0:59:01]} 24. cxd4 {[%clk 0:40:03]} Rc4 {[%clk 0:59:22]} 25. b4
{[%clk 0:39:24]} Qxd4+ {[%clk 0:51:15]} 26. Qxd4 {[%clk 0:38:29]} Rxd4
{[%clk 0:51:43]} 27. Red1 {[%clk 0:37:49]} Rxd1+ {[%clk 0:50:36]} 28. Rxd1
{[%clk 0:38:12]} Ra8 {[%clk 0:50:42]} 29. Bb3 {[%clk 0:38:16]} Rxa3
{[%clk 0:50:37]} 30. Bxd5+ {[%clk 0:38:37]} Bxd5 {[%clk 0:51:00]} 31. Rxd5
{[%clk 0:39:00]} Rxg3 {[%clk 0:47:28]} 32. Kf2 {[%clk 0:37:29]} Rc3
{[%clk 0:47:09]} 33. Rb5 {[%clk 0:32:21]} Rc7 {[%clk 0:46:47]} 34. f5
{[%clk 0:31:21]} Kf7 {[%clk 0:45:58]} 35. Kf3 {[%clk 0:30:58]} Ke7
{[%clk 0:44:49]} 36. Rd5 {[%clk 0:29:52]} Rc6 {[%clk 0:41:53]} 37. g4
{[%clk 0:29:02]} Rc7 {[%clk 0:37:27]} 38. Ke4 {[%clk 0:27:19]} Kf7
{[%clk 0:37:40]} 39. Rb5 {[%clk 0:23:18]} g6 {[%clk 0:37:31]} 40. fxg6+
{[%clk 0:51:07]} Kxg6 {[%clk 1:07:58]} 41. Kf4 {[%clk 0:49:41]} Re7
{[%clk 1:07:31]} 42. Rb6 {[%clk 0:48:18]} Rd7 {[%clk 1:05:01]} 43. Rb5
{[%clk 0:47:26]} Rh7 {[%clk 1:03:15]} 44. Rb6 {[%clk 0:45:21]} Rc7
{[%clk 1:01:54]} 45. Rb5 {[%clk 0:45:20]} Rc4+ {[%clk 1:01:42]} 46. Kf3
{[%clk 0:45:14]} Rc7 {[%clk 1:01:25]} 47. Kf4 {[%clk 0:45:31]} Re7
{[%clk 0:57:44]} 48. Rb6 {[%clk 0:45:13]} Rf7 {[%clk 0:57:14]} 49. Rb5
{[%clk 0:44:53]} Rd7 {[%clk 0:57:14]} 50. Rb6 {[%clk 0:44:34]} Rd4+
{[%clk 0:56:34]} 51. Kg3 {[%clk 0:43:31]} Kg5 {[%clk 0:54:37]} 52. Rb5+
{[%clk 0:43:52]} Kg6 {[%clk 0:54:55]} 53. Rxb7 {[%clk 0:43:52]} h5
{[%clk 0:55:12]} 54. gxh5+ {[%clk 0:43:43]} Kxh5 {[%clk 0:55:41]} 55. b5
{[%clk 0:43:14]} Kg5 {[%clk 0:55:01]} 56. Rg7+ {[%clk 0:42:39]} Kf5
{[%clk 0:55:27]} 57. b6 {[%clk 0:38:59]} Rd3+ {[%clk 0:55:48]} 58. Kf2
{[%clk 0:39:20]} Rb3 {[%clk 0:56:04]} 59. b7 {[%clk 0:38:03]} Kf4
{[%clk 0:54:19]} 60. Ke2 {[%clk 0:37:39]} f5 {[%clk 0:53:50]} 61. Rc7
{[%clk 0:35:44]} Rb2+ {[%clk 0:53:43]} 62. Kd3 {[%clk 0:33:45]} Kg3
{[%clk 0:46:14]} 63. Kc3 {[%clk 0:31:05]} Rb1 {[%clk 0:45:22]} 64. Kc2
{[%clk 0:31:24]} Rb6 {[%clk 0:45:25]} 65. Rc3+ {[%clk 0:31:32]} Kg2
{[%clk 0:45:47]} 66. Rb3 {[%clk 0:31:42]} Rxb7 {[%clk 0:46:09]} 67. Rxb7
{[%clk 0:32:06]} f4 {[%clk 0:46:34]} 68. Rg7+ {[%clk 0:32:22]} 1-0

[Event "2017 Oceania Zone 3.6 Zonal Womens Championship"]
[Site "Auckland, NZL"]
[Date "2017.01.18"]
[Round "7.4"]
[White "Lim, Cassandra"]
[Black "Guo, Zhi Lin"]
[Result "0-1"]
[LiveChessVersion "1.4.7"]
[BlackElo "1872"]
[WhiteElo "1711"]

1. d4 {[%clk 1:30:57]} d5 {[%clk 1:30:48]} 2. c4 {[%clk 1:31:24]} c6
{[%clk 1:31:10]} 3. cxd5 {[%clk 1:31:48]} cxd5 {[%clk 1:31:32]} 4. Bf4
{[%clk 1:32:14]} Nc6 {[%clk 1:31:19]} 5. e3 {[%clk 1:32:32]} Nf6 {[%clk 1:30:07]}
6. Nc3 {[%clk 1:32:55]} a6 {[%clk 1:29:08]} 7. Be2 {[%clk 1:32:27]} Qb6
{[%clk 1:26:51]} 8. Qd2 {[%clk 1:27:48]} Bf5 {[%clk 1:25:01]} 9. Rc1
{[%clk 1:24:04]} e6 {[%clk 1:23:43]} 10. Nf3 {[%clk 1:18:52]} Ne4
{[%clk 1:23:09]} 11. Na4 {[%clk 1:11:12]} Qd8 {[%clk 1:22:05]} 12. Qd1
{[%clk 1:09:26]} Qa5+ {[%clk 1:21:52]} 13. Kf1 {[%clk 1:06:28]} Be7
{[%clk 1:19:01]} 14. Kg1 {[%clk 1:05:05]} O-O {[%clk 1:14:07]} 15. Ne5
{[%clk 1:00:39]} Nxe5 {[%clk 1:10:06]} 16. Bxe5 {[%clk 0:59:49]} b5
{[%clk 1:03:01]} 17. Nc5 {[%clk 0:51:42]} Qxa2 {[%clk 0:40:05]} 18. Nd3
{[%clk 0:38:02]} Nd6 {[%clk 0:16:06]} 19. Ra1 {[%clk 0:28:42]} Qc4
{[%clk 0:16:27]} 20. Rc1 {[%clk 0:24:22]} Qa4 {[%clk 0:16:22]} 21. Qxa4
{[%clk 0:23:35]} bxa4 {[%clk 0:16:48]} 22. Nc5 {[%clk 0:22:28]} Rfc8
{[%clk 0:12:08]} 23. Ra1 {[%clk 0:20:58]} Nc4 {[%clk 0:05:53]} 24. Bxc4
{[%clk 0:14:07]} Bxc5 {[%clk 0:05:35]} 25. dxc5 {[%clk 0:13:09]} dxc4
{[%clk 0:05:57]} 26. Bd4 {[%clk 0:11:56]} Bc2 {[%clk 0:06:16]} 27. f3
{[%clk 0:10:22]} f6 {[%clk 0:06:35]} 28. e4 {[%clk 0:10:26]} Rd8 {[%clk 0:06:36]}
29. Be3 {[%clk 0:09:20]} Rab8 {[%clk 0:06:38]} 30. Kf2 {[%clk 0:06:29]} Rxb2
{[%clk 0:07:01]} 31. Kg3 {[%clk 0:06:15]} Rb3 {[%clk 0:06:09]} 32. Rhe1
{[%clk 0:05:29]} Kf7 {[%clk 0:05:39]} 33. Ra2 {[%clk 0:03:55]} Bd1
{[%clk 0:03:09]} 34. Bd2 {[%clk 0:02:55]} Rb1 {[%clk 0:03:08]} 35. Ba5
{[%clk 0:02:48]} Rc8 {[%clk 0:02:06]} 36. Bb6 {[%clk 0:02:49]} Bb3
{[%clk 0:02:14]} 37. Rxb1 {[%clk 0:02:38]} Bxa2 {[%clk 0:02:41]} 38. Rd1
{[%clk 0:02:58]} Ke7 {[%clk 0:02:56]} 39. f4 {[%clk 0:02:54]} Bb3
{[%clk 0:03:09]} 40. Rc1 {[%clk 0:32:45]} a3 {[%clk 0:33:09]} 41. Kf3
{[%clk 0:31:59]} Kd7 {[%clk 0:33:10]} 42. Ke3 {[%clk 0:31:18]} Kc6
{[%clk 0:33:15]} 43. Kd2 {[%clk 0:30:47]} Rb8 {[%clk 0:33:29]} 44. Kc3
{[%clk 0:30:46]} Rb7 {[%clk 0:33:31]} 45. Ra1 {[%clk 0:27:52]} a2
{[%clk 0:33:52]} 46. g3 {[%clk 0:27:31]} Rd7 {[%clk 0:34:16]} 47. g4
{[%clk 0:25:56]} Rd3+ {[%clk 0:34:14]} 48. Kb2 {[%clk 0:26:07]} Rd2+
{[%clk 0:34:40]} 49. Ka3 {[%clk 0:26:22]} Rxh2 {[%clk 0:34:50]} 50. f5
{[%clk 0:26:19]} e5 {[%clk 0:35:03]} 51. Re1 {[%clk 0:25:52]} Re2
{[%clk 0:35:18]} 52. Rg1 {[%clk 0:26:02]} Rxe4 {[%clk 0:35:29]} 53. Kb2
{[%clk 0:26:16]} Re2+ {[%clk 0:35:46]} 54. Ka1 {[%clk 0:26:25]} Rd2
{[%clk 0:35:14]} 55. Ba7 {[%clk 0:26:25]} c3 {[%clk 0:35:29]} 0-1